Top 100 meilleurs passeurs NBA - Statistiques

Statistiques générales
  • Ce quiz a été pris 414 fois
    154 depuis la dernière actualisation
  • Le résultat moyen est 38 sur 100
Statistiques - réponses
Nombre de Passes Nom Equipes % Correct
11009 LeBron James Cleveland Cavaliers, Miami Heat, Los Angeles Lakers
98%
11894 Chris Paul New Orleans Hornets, Los Angeles Clippers, Houston Rockets,Oklahoma City Thunder, Phoenix Suns, Golden State Warriors
93%
6238 Jerry West Los Angeles Lakers
89%
15806 John Stockton Utah Jazz
89%
10141 Magic Johnson Los Angeles Lakers
87%
9468 Russell Westbrook Oklahoma City Thunder, Houston Rockets, Washington Wizards, Los Angeles Lakers, Los Angeles Clippers
87%
7629 James Harden Oklahoma City Thunder, Houston Rockets, Brooklyn Nets, Philadelphia 76ers, Los Angeles Clippers
86%
12091 Jason Kidd Dallas Mavericks, Phoenix Suns, New Jersey Nets, New York Knicks
86%
6119 Stephen Curry Golden State Warriors
85%
10335 Steve Nash Phoenix Suns, Dallas Mavericks, Los Angeles Lakers
85%
5846 Avery Johnson Seattle SuperSonics, Denver Nuggets, San Antonio Spurs, Houston Rockets, Golden State Warriors, Dallas Mavericks
84%
5499 Dennis Johnson Seattle SuperSonics, Phoenix Suns, Boston Celtics
84%
6711 Kevin Johnson Cleveland Cavaliers, Phoenix Suns
84%
5001 Joe Johnson Boston Celtics, Phoenix Suns, Atlanta Hawks, Brooklyn Nets, Miami Heat, Utah Jazz, Houston Rockets
83%
5633 Michael Jordan Chicago Bulls, Washington Wizards
82%
7036 Tony Parker San Antonio Spurs, Charlotte Hornets
81%
9061 Isiah Thomas Detroit Pistons
80%
6306 Kobe Bryant Los Angeles Lakers
79%
9887 Oscar Robertson Cincinnati Royals, Milwaukee Bucks
73%
4645 Kevin Durant Oklahoma City Thunder, Golden State Warriors, Brooklyn Nets, Phoenix Suns
66%
5695 Larry Bird Boston Celtics
66%
8966 Gary Payton Seattle SuperSonics, Milwaukee Bucks, Los Angles Lakers, Boston Celtics, Miami Heat
63%
4667 Nikola Jokic Denver Nuggets
63%
5701 Dwyane Wade Miami Heat, Chicago Bulls, Cleveland Cavaliers
59%
7584 Rajon Rondo Boston Celtics, Dallas Mavericks, Sacramento Kings, Chicago Bulls, New Orleans Pelicans, Los Angeles Lakers, Atlanta Hawks, Los Angeles Clippers
56%
5659 Damian Lillard Portland Trail Blazers, Milwaukee Bucks
55%
5660 Kareem Abdul-Jabbar Milwaukee Bucks, Los Angeles Lakers
55%
6135 Scottie Pippen Chicago Bulls, Houston Rockets, Portland Trail Blazers
55%
6819 Deron Williams Utah Jazz, New Jersey/Brooklyn Nets, Dallas Mavericks, Cleveland Cavaliers
53%
4597 Gus Williams Golden State Warriors, Seattle SuperSonics, Washington Bullets, Atlanta Hawks
53%
4611 Jason Williams Sacramento Kings, Memphis Grizzlies, Miami Heat, Orlando Magic
53%
5735 John Wall Washington Wizards, Houston Rockets, Los Angeles Clippers
53%
5624 Allen Iverson Philadelphia 76ers, Denver Nuggets, Detroit Pistons, Memphis Grizzlies
52%
7003 Kyle Lowry Memphis Grizzlies, Houston Rockets, Toronto Raptors, Miami Heat, Philadelphia 76ers
52%
6306 Mike Conley Memphis Grizzlies, Utah Jazz, Minnesota Timberwolves
52%
4643 Wilt Chamberlain Philadelphia Warriors, San Francisco Warriors, Philadelphia 76ers, Los Angeles Lakers
51%
6955 Bob Cousy Boston Celtics, Cincinnati Royals
50%
4714 Vince Carter Toronto Raptors, New Jersey Nets, Orlando Magic, Phoenix Suns, Dallas Mavericks, Memphis Grizzlies, Sacramento Kings, Atlanta Hawks
50%
4361 Ray Allen Milwaukee Bucks, Seattle SuperSonics, Boston Celtics, Miami Heat
49%
5445 Kevin Garnett Minnesota Timberwolves, Boston Celtics, Brooklyn Nets
48%
4708 Paul Pierce Boston Celtics, Brooklyn Nets, Washington Wizards, Los Angeles Clippers
46%
8524 Andre Miller Cleveland Cavaliers, Los Angeles Clippers, Denver Nuggets, Philadelphie 76ers, Portland Trail Blazers, Washington Wizards, Sacramento Kings, Minnesota Timberwolves, San Antonio Spurs
45%
6201 Jrue Holiday Philadelphia 76ers, New Orleans Pelicans, Milwaukee Bucks, Boston Celtics
43%
4565 Draymond Green Golden State Warriors
41%
5221 Rickey Green Golden State Warriors, Detroit Pistons, Utah Jazz, Charlotte Hornets, Milwaukee Bucks, Indiana Pacers, Philadelphia 76ers, Boston Celtics
41%
7095 Tim Hardaway Golden State Warriors, Miami Heat, Dallas Mavericks, Denver Nuggets, Indiana Pacers
41%
5248 Karl Malone Utah Jazz, Los Angeles Lakers
40%
6025 Baron Davis Charlotte/New Orleans Hornets, Golden State Warriors, Los Angeles Clippers, Cleveland Cavaliers, New York Knicks
37%
4709 Brad Davis Los Angeles Lakers, Indiana Pacers, Utah Jazz, Dallas Mavericks
37%
6125 Clyde Drexler Portland Trail Blazers, Houston Rockets
34%
6114 John Havlicek Boston Celtics
34%
5636 Chauncey Billups Boston Celtics, Toronto Raptors, Denver Nuggets, Minnesota Timberwolves, Detroit Pistons, New York Knicks, Los Angeles Clippers
30%
4527 DeMar DeRozan Toronto Raptors, San Antonio Spurs, Chicago Bulls
30%
10334 Mark Jackson New York Knicks, Los Angeles Clippers, Indiana Pacers, Denver Nuggets, Toronto Raptors, Utah Jazz, Houston Rockets
30%
5040 Walt Frazier New York Knicks, Cleveland Cavaliers
30%
4487 Randy Smith Buffalo Braves/San Diego Clippers, Cleveland Cavaliers, New York Knicks, Atlanta Hawks
29%
4863 Mark Price Cleveland Cavaliers, Washington Bullets, Golden State Warriors, Orlando Magic
25%
5160 Ricky Rubio Minnesota Timberwolves, Utah Jazz, Phoenix Suns, Cleveland Cavaliers
24%
4612 Joe Dumars Detroit Pistons
21%
6726 Muggsy Bogues Washington Bullets, Charlotte Hornets, Golden State Warriors, Toronto Raptors
17%
6471 Stephon Marbury Minnesota Timberwolves, New Jersey Nets, Phoenix Suns, New York Knicks, Boston Celtics
17%
5147 Andre Iguodala Philadelphia 76ers, Denver Nuggets, Golden State Warriors, Miami Heat
15%
5517 Mike Bibby Vancouver Grizzlies, Sacramento Kings, Atlanta Hawks, Washington Wizards, Miami Heat, New York Knicks
15%
5939 Sam Cassel Houston Rockets, Phoenix Suns, Dallas Mavericks, New Jersey Nets, Milwaukee Bucks, Minnesota Timberwolves, Los Angeles Clippers, Boston Celtics
15%
6577 Derek Harper Dallas Mavericks, New York Knicks, Orlando Magic, Los Angeles Lakers
14%
4585 Jeff Teague Atlanta Hawks, Indiana Pacers, Minnesota Timberwolves, Boston Celtics, Milwaukee Bucks
14%
5314 Kevin Porter Baltimore / Capital / Washington Bullets, Detroit Pistons, New Jersey Nets
14%
6476 Nate Archibald Cincinnati Royals/Kansas City-Omaha Kings/Kansas City Kings, New York Nets, Buffalo Braves, Boston Celtics, Milwaukee Bucks
14%
7160 Terry Porter Portland Trail Blazers, Minnesota Timberwolves, Miami Heat, San Antonio Spurs
14%
4351 Alex English Milwaukee Bucks, Indiana Pacers, Denver Nuggets, Dallas Mavericks
13%
7211 Lenny Wilkens St Louis Hawks, Seattle SuperSonics, Cleveland Cavaliers, Portland Trail Blazers
13%
4540 Hal Greer Syracuse Nationals, Philadelphia 76ers
11%
7392 Maurice Cheeks Philadelphia 76ers, San Antonio Spurs, New York Knicks, Atlanta Hawks, New Jersey Nets
11%
4805 Gail Goodrich Los Angeles Lakers, Phoenix Suns, New Orleans Jazz
10%
5415 Jason Terry Atlanta Hawks, Dallas Mavericks, Boston Celtics, Brooklyn Nets, Sacramento Kings, Houston Rockets, Milwaukee Bucks
9%
4889 Doc Rivers Atlanta Hawks, Los Angeles Clippers, New York Knicks, San Antonio Spurs
8%
4541 Jamal Crawford Chicago Bulls, New York Knicks, Golden State Warriors, Atlanta Hawks, Portland Trail Blazers, Los Angeles Clippers, Minnesota Timberwolves, Phoenix Suns, Brooklyn Nets
8%
7987 Rod Strickland New York Knicks, San Antonio Spurs, Portland Trail Blazers, Washington Bullets/Wizards, Miami Heat, Minnesota Timberwolves, Orlando Magic, Toronto Raptors, Houston Rockets
8%
4405 Goran Dragic Phoenix Suns, Miami Heat, Toronto Raptors, Brooklyn Nets, Chicago Bulls
7%
5281 Jeff Hornacek Phoenix Suns, Philadelphia 76ers, Utah Jazz
7%
5148 Jose Calderon Toronto Raptors, Detroit Pistons, Dallas Mavericks, New York Knicks, Los Angeles Lakers, Atlanta Hawks, Cleveland Cavaliers
7%
4402 Calvin Murphy San Diego/Houston Rockets
6%
5371 Damon Stoudamire Toronto Raptors, Portland Trail Blazers, Memphis Grizzlies, San Antonio Spurs
6%
6454 John Lucas Houston Rockets, Golden State Warriors, Washington Bullets, San Antonio Spurs, Milwaukee Bucks, Seattle SuperSonics
6%
5777 Nick Van Exel Los Angeles Lakers, Denver Nuggets, Dallas Mavericks, Golden State Warriors, Portland Trail Blazers, San Antonio Spurs
6%
5096 Raymond Felton Charlotte Bobcats, New York Knicks, Denver Nuggets, Portland Trail Blazers, Dallas Mavericks, Los Angeles Clippers, Oklahoma City Thunder
6%
6453 Reggie Theus Chicago Bulls, Kansas City Kings, Sacramento Kings, Atlanta Hawks, Orlando Magic, New Jersey Nets
6%
4508 Jameer Nelson Orlando Magic, Dallas Mavericks, Boston Celtics, Denver Nuggets, New Orleans Pelicans, Detroit Pistons
5%
5397 Dave Bing Detroit Pistons, Washington Bullets, Boston Celtics
4%
5196 Kenny Anderson New Jersey Nets, Charlotte Hornets, Portland Trail Blazers, Boston Celtics, Seattle SuperSonics, New Orleans Hornets, Indiana Pacers, Atlanta Hawks, Los Angeles Clippers
4%
4696 Lafayette Lever Portland Trail Blazers, Denver Nuggets, Dallas Mavericks
4%
6917 Guy Rodgers Philadelphia/San Francisco Warriors, Chicago Bulls, Cincinnati Royals, Milwaukee Bucks
3%
5972 Mookie Blaylock New Jersey Nets, Atlanta Hawks, Golden State Warriors
3%
6386 Norm Nixon Los Angeles Lakers, San Diego/Los Angeles Clippers
3%
4481 Brevin Knight Cleveland Cavaliers, Atlanta Hawks, Memphis Grizzlies, Phoenix Suns, Washington Wizards, Milwaukee Bucks, Charlotte Bobcats, Los Angeles Clippers, Utah Jazz
1%
4893 Nate McMillan Seattle SuperSonics
1%
5175 Sleepy Floyd New Jersey Nets, Golden State Warriors, Houston Rockets, San Antonio Spurs
1%
4407 Terrell Brandon Cleveland Cavaliers, Milwaukee Bucks, Minnesota Timberwolves
1%
5217 Norm Van Lier Cincinnati Royals, Chicago Bulls, Milwaukee Bucks
0%
4536 Sherman Douglas Miami Heat, Boston Celtics, Milwaukee Bucks, New Jersey Nets, Los Angeles Clippers
0%
Aucun quiz correspondant
Distribution des résultats
% des personnes avec chaque résultat
Percentile par nombre de réponses
Votre historique - résultats
Vous n’avez pas pris ce quiz depuis la dernière actualisation